| 000 | 01079cam a2200313 a 4500 | ||
|---|---|---|---|
| 001 | 1618830 | ||
| 005 | 20170105102425.0 | ||
| 006 | m b | ||
| 008 | 960403s1996 caua 001 0 eng d | ||
| 010 | _a 95073074 | ||
| 020 |
_a0782118607 (pbk.) : _c$49.99 |
||
| 035 | _a(OCoLC)34556986 | ||
| 035 | _a3645-83760 | ||
| 040 |
_aOCo _cOCo _dNBuBE _dDLC |
||
| 042 | _alccopycat | ||
| 050 | 0 | 4 |
_aQA76.76.D47 _bC365 1996 |
| 100 | 1 | _aCantù, Marco. | |
| 245 | 1 | 0 |
_aMastering Delphi 2 for Windows 95/NT _cMarco Cantù. |
| 260 |
_aSan Francisco : _bSybex, _cc1996. |
||
| 300 |
_axli, 1043 p. : _bill. ; _c23 cm. + _e1 computer laser optical disc (4 3/4 in.) |
||
| 500 | _aIncludes index. | ||
| 630 | 0 | _aDelphi (Computer file) | |
| 630 | 0 | 0 | _aMicrosoft Windows NT. |
| 630 | 0 | 0 | _aMicrosoft Windows (Computer file) |
| 650 | 0 |
_aComputer software _xDevelopment. |
|
| 906 |
_a7 _bcbc _ccopycat _d2 _eopcn _f19 _gy-gencatlg |
||
| 942 |
_2ddc _cBK |
||
| 999 |
_c13605 _d13605 |
||